000 01483cam a2200361 i 4500
001 illustratedencyc00ridp
003 CaSfIA
005 20210118102242.0
007 cr||||
008 790821s1979 nyuaf d 001 0 eng
010 _a 79007098
040 _aDLC
_cDLC
_dOCLCQ
_dBTCTA
_dBAKER
_dVVW
_dCaSfIA
020 _a069001838X :
_c$17.95
020 _a9780690018387
035 _a(OCoLC)5353775
050 0 0 _aQB14
_b.I44 1979
082 _a520/.3
245 0 4 _aThe Illustrated encyclopedia of astronomy and space /
_h[electronic resource]
_ceditor, Ian Ridpath.
250 _aRev. ed.
260 _aNew York :
_bCrowell,
_cc1979.
300 _a240 p., [4] leaves of plates :
_bill. ;
_c28 cm.
500 _aIncludes index.
650 0 _aAstronomy
_vDictionaries.
650 0 _aAstronautics
_vDictionaries.
700 1 _aRidpath, Ian.
856 4 1 _uhttp://www.archive.org/details/illustratedencyc00ridp
_zFree eBook from the Internet Archive
856 4 2 _uhttp://www.openlibrary.org/books/OL4404623M
_zAdditional information and access via Open Library
029 1 _aNLGGC
_b791256197
029 1 _aAU@
_b000001509000
942 _cEB
506 _fНеобхідна авторизація на https://archive.org/ (створення облікового запису безкоштовно)
506 _fНеобхідна авторизація на https://openlibrary.org/ (створення облікового запису безкоштовно)
999 _c510408
_d510408